000 00619nam a2200181Ia 4500
003 GCL
008 140319s9999 xx 000 0 ara d
040 _aGCL /
_cGCL
082 0 4 _aد
_b050
100 1 _aاريتى، سيلفانو
245 1 0 _aالفصامى : كيف نفهمه ونساعده، دليل للاسرة وللاصدقاء (عالم المعرفة 156) /
_cاريتى، سيلفانو
700 1 _aعاطف احمد
490 _aعالم المعرفة
_v0
650 0 4 _aعلم النفس
650 0 4 _aالفصام
650 0 4 _aالفصام - الجوانب الوراثية
942 _2ddc
_cBK
999 _c45107
_d45107